000 00386nam a22001457a 4500
005 20200607102246.0
008 200607b xxu||||| |||| 00| 0 eng d
082 _a345.4
110 _aALL INDIA REPORTER
_95809
245 _aALL INDIA REPORTER 2007 (V-94) NOTES DIGEST CASES
260 _aMUMBAI
_bALL INDIA REPORTER PVT LTD.
300 _a148;p
650 _aLAW
_95701
942 _cJRL
999 _c6879
_d6877